<?xml version="1.0" encoding="UTF-8"?>
<record
    xmlns:xsi="http://www.w3.org/2001/XMLSchema-instance"
    xsi:schemaLocation="http://www.loc.gov/MARC21/slim http://www.loc.gov/standards/marcxml/schema/MARC21slim.xsd"
    xmlns="http://www.loc.gov/MARC21/slim">

  <leader>00814nab a2200229 uc4500</leader>
  <controlfield tag="001">556717</controlfield>
  <controlfield tag="005">20260216131426.0</controlfield>
  <controlfield tag="008">991020e19970901                    spa  </controlfield>
  <datafield tag="035" ind1=" " ind2=" ">
    <subfield code="a">556717</subfield>
  </datafield>
  <datafield tag="035" ind1=" " ind2=" ">
    <subfield code="a">(OCoLC)819814364</subfield>
  </datafield>
  <datafield tag="040" ind1=" " ind2=" ">
    <subfield code="c">comduadb</subfield>
  </datafield>
  <datafield tag="041" ind1=" " ind2=" ">
    <subfield code="a">spa</subfield>
  </datafield>
  <datafield tag="100" ind1="1" ind2="0">
    <subfield code="a">Loaiza Cano, Gilberto,</subfield>
    <subfield code="d">1963-</subfield>
    <subfield code="4">aut</subfield>
    <subfield code="0">(isni)0000 0000 6653 8808</subfield>
    <subfield code="0">(viaf)22311589</subfield>
    <subfield code="e">aut</subfield>
    <subfield code="9">267526</subfield>
  </datafield>
  <datafield tag="245" ind1="1" ind2="0">
    <subfield code="a">Voces de vanguardia (Barranquilla, 1917-1920)</subfield>
  </datafield>
  <datafield tag="650" ind1=" " ind2=" ">
    <subfield code="a">Voces (Revista)</subfield>
    <subfield code="9">37843</subfield>
  </datafield>
  <datafield tag="650" ind1=" " ind2="7">
    <subfield code="a">Cultura</subfield>
    <subfield code="v">Publicaciones peri&#xF3;dicas</subfield>
    <subfield code="2">embne</subfield>
    <subfield code="9">19671</subfield>
  </datafield>
  <datafield tag="650" ind1=" " ind2=" ">
    <subfield code="a">Intelectuales y sociedad</subfield>
    <subfield code="9">30008</subfield>
  </datafield>
  <datafield tag="650" ind1=" " ind2="7">
    <subfield code="a">Cultura</subfield>
    <subfield code="x">Historia</subfield>
    <subfield code="2">lemb</subfield>
    <subfield code="9">49260</subfield>
  </datafield>
  <datafield tag="650" ind1=" " ind2=" ">
    <subfield code="a">Barranquilla (Atl&#xE1;ntico)</subfield>
    <subfield code="9">17506</subfield>
  </datafield>
  <datafield tag="773" ind1="0" ind2=" ">
    <subfield code="t">Gaceta. Ministerio de Cultura (Bogot&#xE1;)</subfield>
    <subfield code="g">No. 41, Sep.-Dic. 1997, p. 18-27</subfield>
    <subfield code="w">281097</subfield>
    <subfield code="x">0121-7194</subfield>
    <subfield code="0">97563</subfield>
  </datafield>
  <datafield tag="942" ind1=" " ind2=" ">
    <subfield code="c">ARIMP</subfield>
  </datafield>
  <datafield tag="999" ind1=" " ind2=" ">
    <subfield code="c">134622</subfield>
    <subfield code="d">134622</subfield>
  </datafield>
</record>
